Integrated marketing communications / (Record no. 17570)
[ view plain ]
| 000 -LEADER | |
|---|---|
| fixed length control field | 00765cam a22002418a 4500 |
| 001 - CONTROL NUMBER | |
| control field | 13538483 |
| 005 - DATE AND TIME OF LATEST TRANSACTION | |
| control field | 20130930134134.0 |
| 008 - FIXED-LENGTH DATA ELEMENTS--GENERAL INFORMATION | |
| fixed length control field | 040326s2004 nyu b 001 0 eng |
| 010 ## - LIBRARY OF CONGRESS CONTROL NUMBER | |
| LC control number | 2004047715 |
| 020 ## - INTERNATIONAL STANDARD BOOK NUMBER | |
| International Standard Book Number | 0273676458 |
| 020 ## - INTERNATIONAL STANDARD BOOK NUMBER | |
| International Standard Book Number | 9780273676454 |
| 082 00 - DEWEY DECIMAL CLASSIFICATION NUMBER | |
| Classification number | 658.802 |
| Edition number | 22 |
| Item number | PIC |
| 100 1# - MAIN ENTRY--PERSONAL NAME | |
| Personal name | Pickton, David. |
| 9 (RLIN) | 33801 |
| 245 10 - TITLE STATEMENT | |
| Title | Integrated marketing communications / |
| Statement of responsibility, etc | David Pickton, Amanda Broderick. |
| 250 ## - EDITION STATEMENT | |
| Edition statement | 2nd ed. |
| 260 ## - PUBLICATION, DISTRIBUTION, ETC. (IMPRINT) | |
| Place of publication, distribution, etc | Upper Saddle River, N.J. : |
| Name of publisher, distributor, etc | Prentice Hall Fiancial Times, |
| Date of publication, distribution, etc | 2004. |
| 300 ## - PHYSICAL DESCRIPTION | |
| Extent | 761 p. : |
| Other physical details | ill ; |
| Dimensions | 24 cm. |
| 504 ## - BIBLIOGRAPHY, ETC. NOTE | |
| Bibliography, etc | Includes bibliographical references and index. |
| 650 #0 - SUBJECT ADDED ENTRY--TOPICAL TERM | |
| Topical term or geographic name as entry element | Communication in marketing. |
| 9 (RLIN) | 33802 |
| 653 ## - INDEX TERM--UNCONTROLLED | |
| Resource For college | |
| Arrived date list | September2013 |
| 700 1# - ADDED ENTRY--PERSONAL NAME | |
| Personal name | Broderick, Amanda. |
| 9 (RLIN) | 33803 |
| 942 ## - ADDED ENTRY ELEMENTS (KOHA) | |
| Source of classification or shelving scheme | Dewey Decimal Classification |
| Item type | Book - Borrowing |
| Withdrawn status | Item status | Source of classification or shelving scheme | Damaged status | Not for loan | Vendor | Home library | Current library | Shelving location | Date acquired | Source of acquisition | Total Checkouts | Full call number | Barcode | Date last seen | Date last borrowed | Koha item type | Total Renewals | Materials specified (bound volume or other part) |
|---|---|---|---|---|---|---|---|---|---|---|---|---|---|---|---|---|---|---|
| Dewey Decimal Classification | Baccah | Central Library | Central Library | First floor | 30/09/2013 | 2 | 658.802 PIC | 000029096 | 15/07/2025 | 02/05/2018 | Book - Borrowing | |||||||
| Dewey Decimal Classification | Baccah | Central Library | Central Library | First floor | 30/09/2013 | 5 | 658.802 PIC | 000029097 | 15/07/2025 | 23/09/2019 | Book - Borrowing | 43 | ||||||
| Dewey Decimal Classification | Baccah | Central Library | Central Library | First floor | 30/09/2013 | 6 | 658.802 PIC | 000029098 | 15/07/2025 | 08/10/2018 | Book - Borrowing | 20 | ||||||
| Dewey Decimal Classification | Baccah | Central Library | Central Library | First floor | 30/09/2013 | 658.802 PIC | 000029099 | 24/08/2022 | Book - Borrowing | Lost In Inventory_2017-8-25 | ||||||||
| Dewey Decimal Classification | Baccah | Central Library | Central Library | First floor | 30/09/2013 | 658.802 PIC | 000029100 | 24/08/2022 | Book - Borrowing | Lost In Inventory_2017-8-25 | ||||||||
| Dewey Decimal Classification | Baccah | Central Library | Central Library | First floor | 30/09/2013 | 1 | 658.802 PIC | 000029101 | 24/08/2022 | 27/11/2014 | Book - Borrowing | Lost In Inventory_2017-8-25 |